000 00271nam a22001217a 4500
008 170427b xxu||||| |||| 00| 0 eng d
041 _aeng
080 _a546
100 _a12
101 _aSHM
245 _aTREATRISE ON INORGANIC CHEMISTRY
_cREMY.H
942 _2udc
_cBK
999 _c12237
_d12237